Creating new clients : marketing and selling professional services /

Bibliographic Details
Main Author: Walker, Kevin, 1951-
Other Authors: Ferguson, Cliff, Denvir, Paul
Format: Book
Language:English
Published: London ; New York, NY : Cassell, 1998.
Subjects:

MARC

Tag First Indicator Second Indicator Subfields
LEADER 00000cam a2200000 a 4500
001 in00001558024
005 20151022072308.0
008 990510s1998 enk 001 0 eng d
010 |a  99226250  
020 |a 0304704253 
020 |a 0304704261 (pbk.) 
035 |a (OCoLC)ocm41336833 
040 |a DGU  |c DLC  |d TXA  |d UtOrBLW 
042 |a lccopycat 
049 |a TXAM 
050 0 0 |a HD69.C6  |b W337 1998 
082 0 0 |a 658.8  |2 21 
100 1 |a Walker, Kevin,  |d 1951- 
245 1 0 |a Creating new clients :  |b marketing and selling professional services /  |c Kevin Walker, Cliff Ferguson, and Paul Denvir. 
264 1 |a London ;  |a New York, NY :  |b Cassell,  |c 1998. 
300 |a xii, 196 pages :  |b illustrations ;  |c 25 cm. 
336 |a text  |b txt  |2 rdacontent 
337 |a unmediated  |b n  |2 rdamedia 
338 |a volume  |b nc  |2 rdacarrier 
500 |a Includes index. 
650 0 |a Business consultants. 
650 0 |a Marketing. 
700 1 |a Ferguson, Cliff. 
700 1 |a Denvir, Paul. 
994 |a E0  |b TXA 
948 |a cataloged  |b h  |c 2000/9/22  |d c  |e blrosas  |f 1:55:36 pm 
999 |a MARS 
999 f f |s 5260f361-0832-353f-89cb-0433bd3f4046  |i 4dc54e84-747a-3d3a-9261-2949448170e5  |t 0 
952 f f |p ric  |a Texas A&M University  |b Rellis Campus  |c Joint Library Facility  |d Remote Storage  |t 0  |e HD69.C6 W337 1998  |h Library of Congress classification  |i unmediated -- volume  |m A14825492740 
998 f f |a HD69.C6 W337 1998  |t 0  |l Remote Storage